Katova pieseň (Record no. 20899)
[ view plain ]
| 000 -LEADER | |
|---|---|
| fixed length control field | 01774cam a2200469 a 4500 |
| 001 - CONTROL NUMBER | |
| control field | 20899 |
| 003 - CONTROL NUMBER IDENTIFIER | |
| control field | VRT |
| 005 - DATE AND TIME OF LATEST TRANSACTION | |
| control field | 20260206145629.0 |
| 008 - FIXED-LENGTH DATA ELEMENTS--GENERAL INFORMATION | |
| fixed length control field | 240226s1985 xo r 010 f slo |
| 015 ## - NATIONAL BIBLIOGRAPHY NUMBER | |
| National bibliography number | SNBA1986/02 |
| 020 ## - INTERNATIONAL STANDARD BOOK NUMBER | |
| Qualifying information | (viazané) |
| 035 ## - SYSTEM CONTROL NUMBER | |
| System control number | SNK000029850 |
| 039 #9 - LEVEL OF BIBLIOGRAPHIC CONTROL AND CODING DETAIL [OBSOLETE] | |
| Level of rules in bibliographic description | 202402261907 |
| Level of effort used to assign nonsubject heading access points | VLOAD |
| Level of effort used to assign subject headings | 202305092112 |
| Level of effort used to assign classification | AUTHORITY |
| Level of effort used to assign subject headings | 202208241338 |
| Level of effort used to assign classification | msnk11 |
| Level of effort used to assign subject headings | 202207141008 |
| Level of effort used to assign classification | msnk116 |
| 040 ## - CATALOGING SOURCE | |
| Original cataloging agency | SNK |
| Language of cataloging | slo |
| Transcribing agency | SNK |
| Modifying agency | AUBB |
| Description conventions | AACR2 |
| 041 1# - LANGUAGE CODE | |
| Language code of text/sound track or separate title | slo |
| Language code of original | eng |
| 044 ## - COUNTRY OF PUBLISHING/PRODUCING ENTITY CODE | |
| MARC country code | xo |
| ISO country code | SK |
| 072 #7 - SUBJECT CATEGORY CODE | |
| Subject category code | 821.111(73)-3 |
| Subject category code subdivision | Americká próza, anglicky písaná |
| Source | konspekt |
| 080 ## - UNIVERSAL DECIMAL CLASSIFICATION NUMBER | |
| Universal Decimal Classification number | 821.111(73)-31 |
| Edition identifier | 2011 |
| 080 ## - UNIVERSAL DECIMAL CLASSIFICATION NUMBER | |
| Universal Decimal Classification number | (0:82-31) |
| Edition identifier | 2001 |
| 100 1# - MAIN ENTRY--PERSONAL NAME | |
| Personal name | Mailer, Norman, |
| Dates associated with a name | 1923-2007 |
| Relationship | aut |
| 240 10 - UNIFORM TITLE | |
| Uniform title | Executioner's Song |
| Language of a work | Slovensky |
| 245 10 - TITLE STATEMENT | |
| Title | Katova pieseň |
| Statement of responsibility, etc. | Norman Mailer ; [z anglického originálu ... preložil a doslov napísal Ján Vilikovský] |
| 250 ## - EDITION STATEMENT | |
| Edition statement | 1. vyd. |
| 260 ## - PUBLICATION, DISTRIBUTION, ETC. | |
| Place of publication, distribution, etc. | Bratislava |
| Name of publisher, distributor, etc. | Tatran |
| Date of publication, distribution, etc. | 1985 |
| 300 ## - PHYSICAL DESCRIPTION | |
| Extent | 857 s. |
| Dimensions | 21 cm |
| 490 1# - SERIES STATEMENT | |
| Series statement | LUK - Knižnica modernej svetovej prózy |
| Volume/sequential designation | zv. 10 |
| 655 #7 - INDEX TERM--GENRE/FORM | |
| Genre/form data or focus term | americké romány |
| Source of term | SNKPH |
| 655 #7 - INDEX TERM--GENRE/FORM | |
| Genre/form data or focus term | American fiction |
| Source of term | SNKPHeng |
| 700 1# - ADDED ENTRY--PERSONAL NAME | |
| Personal name | Vilikovský, Ján, |
| Dates associated with a name | 1937-2023 |
| Relationship | trl |
| 830 #0 - SERIES ADDED ENTRY--UNIFORM TITLE | |
| Uniform title | LUK - Knižnica modernej svetovej prózy |
| 910 ## - USER-OPTION DATA (OCLC) | |
| User-option data | snk |
| 942 ## - ADDED ENTRY ELEMENTS (KOHA) | |
| Source of classification or shelving scheme | Dewey Decimal Classification |
| Koha item type | Krásna literatúra pre dospelých |
| Suppress in OPAC | No |
| 949 ## - LOCAL PROCESSING INFORMATION (OCLC) | |
| 6 | 2889089182 |
| a | savukM 79754 |
| 949 ## - LOCAL PROCESSING INFORMATION (OCLC) | |
| 6 | 369701000010471 |
| a | aubbO 7596 |
| b | aubbO7596 |
| p | Darca: Stračina, Svetozár |
| 949 ## - LOCAL PROCESSING INFORMATION (OCLC) | |
| 6 | 273K0074308 |
| a | svkpoA 134958 |
| b | svkpo322888 |
| 949 ## - LOCAL PROCESSING INFORMATION (OCLC) | |
| 6 | 4710702312 |
| 9 | 1 |
| a | strmkB |
| b | strmk2008/2312 |
| 949 ## - LOCAL PROCESSING INFORMATION (OCLC) | |
| 6 | 17A0184910 |
| 9 | P60, <05>, [BOOK], {605} |
| a | snkSC 64951 D1 |
| 949 ## - LOCAL PROCESSING INFORMATION (OCLC) | |
| 6 | 270001000390309 |
| a | svkbbA 48629 |
| b | svkbbm 470352 |
| 949 ## - LOCAL PROCESSING INFORMATION (OCLC) | |
| 6 | 17A0916728 |
| a | snkSC 64951 |
| b | snkKSP 10615/85 |
| s | 6100:20220830 |
| 949 ## - LOCAL PROCESSING INFORMATION (OCLC) | |
| 6 | 3869A10910 |
| a | bpksh821.111(73)-31 |
| b | bpksh66617 |
| 949 ## - LOCAL PROCESSING INFORMATION (OCLC) | |
| 6 | 3869A10909 |
| a | bpksh821.111(73)-31 |
| b | bpksh66618 |
| Stav vyradenia | Strata | Poškodenie | Spôsob nadobudnutia | Domovská knižnica | Aktuálna knižnica | Dátum nadobudnutia | Total checkouts | Čiarový kód exemplára | Date last seen | Typ exemplára |
|---|---|---|---|---|---|---|---|---|---|---|
| Dar | Obecná knižnica Horná Štubňa | Obecná knižnica Horná Štubňa | 06.02.2026 | 4736201053 | 06.02.2026 | Krásna literatúra pre dospelých |
